Statistics for YouTube Channels With Over 100M Subs!

Click here to take the quiz!

General Stats

  • This quiz has been taken 15 times
  • The average score is 2 of 6

Answer Stats

HintAnswer% Correct
Indian Music (Most Subscribed(Had a war of subs with.... not going to say))T-Series
93%
Minecraft Gamer (fastest 0-50 million subscribers world record achieved)PewDiePie
79%
Another YouTube GenreMusic
29%
Another Indian music channelSET India
21%
147M A YouTube Genre (not really a channel, but it has 147M as of Feb. 2022YouTube Movies
14%
Nursery Rhymes (also had a sub war with..... same user with #1 as a..... im getting confused with hints lolCocomelon - Nursery Rhymes
7%

Score Distribution

Percentile by Number Answered

Percent of People with Each Score

Your Score History

You have not taken this quiz